[Event "EU-ch 24th"]
[White "Dalaud, Dorian"]
[Black "Olcum, Ahmet"]
[Site "Petrovac"]
[Round "11"]
[Result "0-1"]
[Date "2024.11.19"]
[WhiteElo "2348"]
[BlackElo "2180"]
[PlyCount "150"]
[EventDate "2024.11.08"]
[EventType "swiss"]
[EventRounds "11"]
[EventCountry "MNE"]
[SourceTitle "CB47_2024"]
[SourceDate "2024.11.20"]
[SourceVersion "1"]
[SourceVersionDate "2024.11.20"]
[SourceQuality "1"]

1. e4 d6 2. d4 Nf6 3. Bd3 e5 4. Nf3 Nc6 5. c3 g6 6. h3 Bg7 7. 0-0 0-0 8. Re1 Re8 9. d5 Ne7 10. c4 Nd7 11. Nc3 h6 12. b4 a5 13. bxa5 f5 14. a6 b6 15. Nd2 f4 16. a4 g5 17. Nb3 Nf6 18. Be2 Ng6 19. a5 Rxa6 20. Ba3 Bf8 21. axb6 cxb6 22. c5 bxc5 23. Bxa6 Bxa6 24. Bxc5 Bc8 25. Na5 dxc5 26. Nc6 Qb6 27. Qe2 Qb3 28. Qd2 f3 29. Qe3 Nf4 30. Qxf3 g4 31. hxg4 Bxg4 32. Qg3 c4 33. Ra6 Bc5 34. Nxe5 N4h5 35. Qh4 Qxc3 36. Nxg4 Qxe1+ 37. Kh2 Bxf2 38. Nxf2 Qxf2 39. Qxf2 Ng4+ 40. Kg1 Nxf2 41. Kxf2 Kg7 42. Rc6 Rxe4 43. d6 Nf6 44. d7 Nxd7 45. Rc7 Rf4+ 46. Ke3 Rf7 47. Rxc4 Ne5 48. Re4 Rf5 49. Ra4 Kg6 50. Ke4 Ng4 51. Ra8 Rf2 52. g3 Nf6+ 53. Ke3 Rf1 54. Ra5 Nh7 55. Ke2 Rf6 56. Ke3 Ng5 57. g4 Rf3+ 58. Ke2 Rf4 59. Ra6+ Kg7 60. Ra7+ Nf7 61. Ke3 Rxg4 62. Kf3 Rg5 63. Ra6 Ne5+ 64. Kf2 h5 65. Kf1 h4 66. Ra4 Ng6 67. Ra2 Kh6 68. Rg2 Rxg2 69. Kxg2 Kg5 70. Kh3 Nf4+ 71. Kh2 Kg4 72. Kg1 Kg3 73. Kh1 Nd3 74. Kg1 h3 75. Kh1 Nf2+ 0-1

[Event "EU-ch 24th"]
[White "Olcum, Ahmet"]
[Black "Willow, Jonah B"]
[Site "Petrovac"]
[Round "9"]
[Result "0-1"]
[Date "2024.11.17"]
[WhiteElo "2180"]
[BlackElo "2454"]
[PlyCount "58"]
[EventDate "2024.11.08"]
[EventType "swiss"]
[EventRounds "11"]
[EventCountry "MNE"]
[SourceTitle "CB47_2024"]
[SourceDate "2024.11.20"]
[SourceVersion "1"]
[SourceVersionDate "2024.11.20"]
[SourceQuality "1"]

1. Nf3 Nf6 2. c4 c5 3. e3 g6 4. Nc3 Bg7 5. d4 cxd4 6. exd4 0-0 7. Be2 d5 8. c5 b6 9. 0-0 Bg4 10. h3 Bxf3 11. Bxf3 Nc6 12. Bg5 e6 13. Qa4 Qd7 14. Rfd1 Rfc8 15. Rac1 bxc5 16. dxc5 Qb7 17. b3 Ne5 18. Qf4 Nfd7 19. Be7 Nxf3+ 20. Qxf3 Ne5 21. Qe3 Qxe7 22. f4 d4 23. Rxd4 Nf3+ 24. gxf3 Bxd4 25. Qxd4 Qxc5 26. Qf2 Rc7 27. Ne2 Qxf2+ 28. Kxf2 Rxc1 29. Nxc1 Rc8 0-1

[Event "EU-ch 24th"]
[White "Fernandez, Daniel Howard"]
[Black "Olcum, Ahmet"]
[Site "Petrovac"]
[Round "2"]
[Result "1-0"]
[Date "2024.11.09"]
[WhiteElo "2503"]
[BlackElo "2180"]
[PlyCount "93"]
[EventDate "2024.11.08"]
[EventType "swiss"]
[EventRounds "11"]
[EventCountry "MNE"]
[SourceTitle "CB47_2024"]
[SourceDate "2024.11.20"]
[SourceVersion "1"]
[SourceVersionDate "2024.11.20"]
[SourceQuality "1"]

1. e4 d6 2. d4 g6 3. Nc3 Bg7 4. Be3 a6 5. Qd2 Nd7 6. h4 Ngf6 7. f3 b5 8. a4 b4 9. Nce2 c5 10. Nh3 Bb7 11. Nf2 Qc7 12. d5 Nh5 13. Nd3 a5 14. g4 c4 15. gxh5 cxd3 16. cxd3 Ne5 17. Kf2 Ba6 18. Ng3 Rc8 19. h6 Bf6 20. d4 Nc4 21. Bxc4 Qxc4 22. Rhc1 Qb3 23. Rxc8+ Bxc8 24. Bg5 Bxg5 25. hxg5 0-0 26. Rc1 Bd7 27. Qc2 Bxa4 28. Qxb3 Bxb3 29. Rc7 Rb8 30. Rxe7 a4 31. Nf1 Kf8 32. Ra7 Bc2 33. e5 a3 34. bxa3 b3 35. e6 b2 36. Rxf7+ Kg8 37. Nd2 Bb3 38. Rg7+ Kh8 39. Rd7 Kg8 40. Rxd6 Ba2 41. e7 Re8 42. Rd8 Kf7 43. d6 b1Q 44. Nxb1 Bxb1 45. a4 Bd3 46. Ke3 Ba6 47. d5 1-0

[Event "Balikesir Sebboy Gp"]
[White "Olcum, Ahmet"]
[Black "Ozsakallioglu, Okan"]
[Site "Balikesir"]
[Round "7.1"]
[Result "0-1"]
[Date "2022.12.26"]
[WhiteElo "2223"]
[BlackElo "2258"]
[PlyCount "60"]
[EventDate "2022.12.22"]
[EventType "team-schev"]
[EventRounds "9"]
[EventCountry "TUR"]
[SourceTitle "CBM 212 Extra"]
[Source "ChessBase"]
[SourceDate "2023.03.31"]
[SourceVersion "1"]
[SourceVersionDate "2023.03.31"]
[SourceQuality "1"]
[WhiteTeam "Team A"]
[BlackTeam "Team B"]
[WhiteTeamCountry "TUR"]
[BlackTeamCountry "TUR"]

1. Nf3 d5 2. g3 Nf6 3. Bg2 c6 4. d3 Bg4 5. 0-0 e6 6. Nbd2 Nbd7 7. b3 a5 8. a3 Bd6 9. Bb2 0-0 10. h3 Bxf3 11. Nxf3 Qc7 12. c4 Ne5 13. Nd2 Ned7 14. Rc1 Rfe8 15. f4 Qb8 16. d4 c5 17. e4 dxe4 18. Nxe4 Nxe4 19. Bxe4 cxd4 20. Bxd4 Rd8 21. Qh5 f5 22. Qg5 Bf8 23. Bg2 Nc5 24. Rcd1 Nxb3 25. Be5 Qa7+ 26. Kh2 Nd2 27. Rfe1 Qf2 28. Qh5 Rd3 29. Qe2 Nf3+ 30. Kh1 Qxe2 0-1

[Event "Balikesir Sebboy Gp"]
[White "Olcum, Ahmet"]
[Black "Kuru, Atilla"]
[Site "Balikesir"]
[Round "4.4"]
[Result "1-0"]
[Date "2022.12.24"]
[WhiteElo "2223"]
[BlackElo "1939"]
[PlyCount "71"]
[EventDate "2022.12.22"]
[EventType "team-schev"]
[EventRounds "9"]
[EventCountry "TUR"]
[SourceTitle "CBM 212 Extra"]
[Source "ChessBase"]
[SourceDate "2023.03.31"]
[SourceVersion "1"]
[SourceVersionDate "2023.03.31"]
[SourceQuality "1"]
[WhiteTeam "Team A"]
[BlackTeam "Team D"]
[WhiteTeamCountry "TUR"]
[BlackTeamCountry "TUR"]

1. d4 Nf6 2. Bf4 d5 3. e3 e6 4. Nd2 Bd6 5. Bg3 c5 6. Ngf3 Qc7 7. c4 Bxg3 8. hxg3 cxd4 9. Nxd4 Nc6 10. Nb5 Qe7 11. c5 0-0 12. g4 e5 13. g5 Ng4 14. Nd6 Be6 15. e4 Qxg5 16. Nf3 Qd8 17. Nxb7 Qd7 18. exd5 Qxb7 19. Qc2 e4 20. dxc6 Qb4+ 21. Nd2 Qd4 22. Nb3 Bxb3 23. axb3 Rad8 24. Ra4 Qf6 25. Bb5 Nxf2 26. 0-0 e3 27. Qe2 Qg5 28. Qf3 Qxc5 29. Be2 Rd6 30. Rc4 Rh6 31. g3 Qg5 32. c7 Rc8 33. Kg2 Rf6 34. Qb7 Qf5 35. Bg4 e2 36. Bxf5 1-0

[Event "Balikesir Sebboy Gp"]
[White "Eke, Salih"]
[Black "Olcum, Ahmet"]
[Site "Balikesir"]
[Round "3.4"]
[Result "1/2-1/2"]
[Date "2022.12.23"]
[WhiteElo "2192"]
[BlackElo "2223"]
[PlyCount "120"]
[EventDate "2022.12.22"]
[EventType "team-schev"]
[EventRounds "9"]
[EventCountry "TUR"]
[SourceTitle "CBM 212 Extra"]
[Source "ChessBase"]
[SourceDate "2023.03.31"]
[SourceVersion "1"]
[SourceVersionDate "2023.03.31"]
[SourceQuality "1"]
[WhiteTeam "Team D"]
[BlackTeam "Team A"]
[WhiteTeamCountry "TUR"]
[BlackTeamCountry "TUR"]

1. d4 Nf6 2. c4 d6 3. Nf3 Nbd7 4. Nc3 e5 5. e4 Be7 6. d5 Nc5 7. Qc2 a5 8. Be2 0-0 9. 0-0 Ne8 10. Be3 Na6 11. a3 g6 12. Bh6 Ng7 13. Rab1 f5 14. b4 b6 15. Rfc1 Rf7 16. Bd2 g5 17. exf5 Bxf5 18. Bd3 g4 19. Ne1 Bh4 20. Be3 Qf6 21. Ne4 Qg6 22. Ng3 Bxg3 23. hxg3 axb4 24. axb4 Raf8 25. Rb2 Nb8 26. c5 bxc5 27. bxc5 Nd7 28. cxd6 cxd6 29. Qd2 Nf6 30. Rb6 Bxd3 31. Nxd3 Nf5 32. Rbc6 Ne4 33. Qe1 Qh5 34. Rc8 Nf6 35. Nb4 Ne7 36. Rxf8+ Rxf8 37. Qd2 Qg6 38. Rc7 Ra8 39. Qc1 Nf5 40. Rc8+ Rxc8 41. Qxc8+ Kg7 42. Ba7 h5 43. Bb8 h4 44. Qc7+ Kh6 45. gxh4 Nxh4 46. Qc1+ Kh5 47. Bxd6 Nf3+ 48. Kh1 Ne4 49. gxf3 gxf3 50. Qg1 Qxd6 51. Nc6 Qxd5 52. Qh2+ Kg4 53. Qg1+ Kh5 54. Qh2+ Kg4 55. Qg1+ Kh5 56. Qh2+ Kg5 57. Qxe5+ Qxe5 58. Nxe5 Nxf2+ 59. Kg1 Nh3+ 60. Kf1 f2 1/2-1/2

[Event "Mersin op 6th"]
[White "Yarashov, Azat"]
[Black "Olcum, Ahmet"]
[Site "Mersin"]
[Round "4"]
[Result "1-0"]
[Date "2022.09.06"]
[WhiteElo "2239"]
[BlackElo "2270"]
[PlyCount "67"]
[EventDate "2022.09.04"]
[EventType "swiss"]
[EventRounds "9"]
[EventCountry "TUR"]
[SourceTitle "CBM 210 Extra"]
[Source "ChessBase"]
[SourceDate "2022.11.30"]
[SourceVersion "1"]
[SourceVersionDate "2022.11.30"]
[SourceQuality "1"]

1. Nf3 d6 2. c4 g6 3. g3 Bg7 4. d4 Bd7 5. Bg2 Qc8 6. Nc3 Nc6 7. h3 Nf6 8. Bf4 0-0 9. Qd2 Re8 10. Bh6 Bh8 11. Qf4 e5 12. dxe5 dxe5 13. Qh4 e4 14. Nd2 Nd4 15. Ndxe4 Nxe4 16. Bxe4 Rxe4 17. Qxe4 Nf5 18. Bd2 Nd6 19. Qh4 Be6 20. Nd5 Qd7 21. Bc3 Bxc3+ 22. bxc3 Qa4 23. Nxc7 Qa5 24. Nxa8 Qxc3+ 25. Kf1 Qxa1+ 26. Kg2 Qe5 27. Nc7 Bxc4 28. Qd8+ Kg7 29. Qxd6 Qxe2 30. Ne8+ Kg8 31. Nf6+ Kg7 32. Qd4 Bb5 33. Nh5+ Kf8 34. Qd6+ 1-0

[Event "Mersin op 6th"]
[White "Baradaran Tamadon, Arian"]
[Black "Olcum, Ahmet"]
[Site "Mersin"]
[Round "2"]
[Result "1-0"]
[Date "2022.09.05"]
[WhiteElo "2120"]
[BlackElo "2270"]
[PlyCount "133"]
[EventDate "2022.09.04"]
[EventType "swiss"]
[EventRounds "9"]
[EventCountry "TUR"]
[SourceTitle "CBM 210 Extra"]
[Source "ChessBase"]
[SourceDate "2022.11.30"]
[SourceVersion "1"]
[SourceVersionDate "2022.11.30"]
[SourceQuality "1"]

1. e4 g6 2. d4 Bg7 3. Nc3 c6 4. Be3 d5 5. f3 dxe4 6. fxe4 Nf6 7. Nf3 Ng4 8. Bg1 c5 9. h3 cxd4 10. Bxd4 Bxd4 11. Bb5+ Nc6 12. Qxd4 Qxd4 13. Nxd4 Nge5 14. Nd5 Rb8 15. 0-0-0 Kf8 16. Bxc6 bxc6 17. Ne3 Kg7 18. Nb3 Rb4 19. Nc5 Rb5 20. Na4 Be6 21. b3 Ra5 22. Rd2 Rb8 23. Rhd1 c5 24. Nd5 Rb7 25. Nf4 Bd7 26. Rd5 Bxa4 27. Rxe5 Bc6 28. a4 Rb4 29. Re1 Kf8 30. Nd3 Rd4 31. Nxc5 Ke8 32. c3 Rd6 33. Nd3 Rxe5 34. Nxe5 Bb7 35. Nc4 Re6 36. Nd2 f5 37. Re3 Kd7 38. b4 Kc7 39. g3 a6 40. e5 g5 41. Nb3 f4 42. Nc5 Rh6 43. Rd3 Rxh3 44. gxf4 g4 45. Rd7+ Kc8 46. Rxe7 Bf3 47. e6 g3 48. Rg7 Rh1+ 49. Kd2 g2 50. e7 Rd1+ 51. Ke3 Bc6 52. Rxg2 Re1+ 53. Re2 Rf1 54. Kd2 Be8 55. Ne6 Kd7 56. Ng7 Rxf4 57. Nxe8 Kxe8 58. Kc2 h5 59. Kb3 Rf7 60. Re6 Rxe7 61. Rxa6 Kf7 62. Rh6 Re5 63. a5 Kg7 64. Rd6 h4 65. Rd1 h3 66. a6 h2 67. Rh1 1-0

[Event "Mersin op 6th"]
[White "Olcum, Ahmet"]
[Black "Gulbeyaz, Emir"]
[Site "Mersin"]
[Round "3"]
[Result "1-0"]
[Date "2022.09.05"]
[WhiteElo "2270"]
[BlackElo "2164"]
[PlyCount "79"]
[EventDate "2022.09.04"]
[EventType "swiss"]
[EventRounds "9"]
[EventCountry "TUR"]
[SourceTitle "CBM 210 Extra"]
[Source "ChessBase"]
[SourceDate "2022.11.30"]
[SourceVersion "1"]
[SourceVersionDate "2022.11.30"]
[SourceQuality "1"]

1. d4 g6 2. Nc3 d5 3. Bf4 Nf6 4. e3 Bg7 5. h4 h5 6. Nb5 Na6 7. Nf3 0-0 8. Be2 Bf5 9. Ne5 c6 10. Nc3 Nb4 11. Rc1 Ne4 12. Nxe4 dxe4 13. a3 Nd5 14. Bh2 Nf6 15. g4 hxg4 16. Nxg4 c5 17. c3 cxd4 18. exd4 Bxg4 19. Bxg4 Bh6 20. Rc2 e3 21. Bf3 Nd5 22. h5 g5 23. Rg1 Qd7 24. Qd3 Rad8 25. fxe3 Qh3 26. Rf2 Qe6 27. Be5 b6 28. Rfg2 Nf6 29. Kd2 Rd7 30. Bd1 Rfd8 31. Bc2 Kf8 32. Bxf6 Qxf6 33. Rf1 Qg7 34. Bb3 f6 35. Qe4 Rd6 36. Kc2 b5 37. Kb1 a5 38. Qf5 Rb6 39. e4 b4 40. Qxa5 1-0

[Event "TUR-chT 1st League"]
[White "Alper, Metin"]
[Black "Olcum, Ahmet"]
[Site "Konya"]
[Round "7.3"]
[Result "1-0"]
[Date "2022.08.26"]
[WhiteElo "1963"]
[BlackElo "2267"]
[PlyCount "77"]
[EventDate "2022.08.22"]
[EventType "team-swiss"]
[EventRounds "9"]
[EventCountry "TUR"]
[SourceTitle "CBM 209 Extra"]
[Source "ChessBase"]
[SourceDate "2022.09.30"]
[SourceVersion "1"]
[SourceVersionDate "2022.09.30"]
[SourceQuality "1"]
[WhiteTeam "Ankara Dernegi"]
[BlackTeam "Beyazkale Dernegi"]
[WhiteTeamCountry "TUR"]
[BlackTeamCountry "TUR"]

1. d4 d6 2. c4 e5 3. dxe5 dxe5 4. Qxd8+ Kxd8 5. e4 Be6 6. Nc3 Nd7 7. Be3 c6 8. 0-0-0 f6 9. f3 Kc7 10. g3 Nb6 11. b3 Nh6 12. Bh3 Bxh3 13. Nxh3 Nf7 14. Rd3 Bb4 15. c5 Nc8 16. Na4 Ba3+ 17. Kc2 Rd8 18. Rhd1 b6 19. Nf2 h6 20. h4 Rb8 21. f4 Rxd3 22. Nxd3 Ne7 23. b4 b5 24. Nc3 a5 25. bxa5 f5 26. g4 b4 27. Na4 fxe4 28. Nxe5 Nxe5 29. fxe5 Nd5 30. Bg1 b3+ 31. axb3 Rd8 32. Rf1 Kd7 33. Nb6+ Ke6 34. Nxd5 Rxd5 35. Rd1 Rxc5+ 36. Bxc5 Bxc5 37. a6 e3 38. Kd3 Kxe5 39. Ra1 1-0

[Event "TUR-chT 1st League"]
[White "Olcum, Ahmet"]
[Black "Annaberdiyev, Babageldi"]
[Site "Konya"]
[Round "6.1"]
[Result "1/2-1/2"]
[Date "2022.08.25"]
[WhiteElo "2267"]
[BlackElo "2165"]
[PlyCount "141"]
[EventDate "2022.08.22"]
[EventType "team-swiss"]
[EventRounds "9"]
[EventCountry "TUR"]
[SourceTitle "CBM 209 Extra"]
[Source "ChessBase"]
[SourceDate "2022.09.30"]
[SourceVersion "1"]
[SourceVersionDate "2022.09.30"]
[SourceQuality "1"]
[WhiteTeam "Beyazkale Dernegi"]
[BlackTeam "Hukukcu Fenerbahceliler"]
[WhiteTeamCountry "TUR"]
[BlackTeamCountry "TUR"]

1. d4 e6 2. Nf3 d5 3. Bf4 Bd6 4. e3 Bxf4 5. exf4 c5 6. c3 Qb6 7. Na3 Bd7 8. Qb3 Qxb3 9. axb3 cxd4 10. Nb5 Bxb5 11. Bxb5+ Nc6 12. Nxd4 Nge7 13. Kd2 Kd7 14. Nf3 Kc7 15. b4 a6 16. Bd3 h6 17. Rhe1 Rhd8 18. Kc2 Kb6 19. Kb3 Nc8 20. f5 exf5 21. Bxf5 Nd6 22. Bd3 a5 23. bxa5+ Nxa5+ 24. Kc2 Nc6 25. Rxa8 Rxa8 26. Rd1 Rd8 27. b4 Re8 28. Bf1 Ne4 29. Rxd5 Nxf2 30. h3 Ne4 31. Nd2 Nxd2 32. Kxd2 Rd8 33. Rxd8 Nxd8 34. Ke3 Kc7 35. Bc4 Kd6 36. Ke4 b6 37. Kf5 Ke7 38. Ke5 Kd7 39. Bb5+ Kc7 40. Be8 f6+ 41. Kf5 Kd6 42. Kg6 Ke7 43. Bb5 Kf8 44. c4 Ne6 45. Bc6 Nf4+ 46. Kf5 Nd3 47. Ke6 Nxb4 48. Kd6 Nc2 49. Bd5 Ne3 50. Kc6 Ke7 51. g4 g6 52. Bg8 f5 53. gxf5 gxf5 54. Kxb6 f4 55. c5 f3 56. c6 f2 57. c7 f1Q 58. c8Q Qb1+ 59. Ka6 Qa1+ 60. Kb5 Qb2+ 61. Ka4 Qd4+ 62. Ka3 Qd6+ 63. Kb3 Qd1+ 64. Ka2 Qa4+ 65. Kb2 Qb4+ 66. Ka2 Qa5+ 67. Kb3 Qb5+ 68. Kc3 Qa5+ 69. Kd3 Nf5 70. Qb7+ Kf6 71. Qc6+ 1/2-1/2

[Event "TUR-chT 1st League"]
[White "Apaydin, Fethi"]
[Black "Olcum, Ahmet"]
[Site "Konya"]
[Round "3.1"]
[Result "0-1"]
[Date "2022.08.23"]
[WhiteElo "2317"]
[BlackElo "2267"]
[PlyCount "72"]
[EventDate "2022.08.22"]
[EventType "team-swiss"]
[EventRounds "9"]
[EventCountry "TUR"]
[SourceTitle "CBM 209 Extra"]
[Source "ChessBase"]
[SourceDate "2022.09.30"]
[SourceVersion "1"]
[SourceVersionDate "2022.09.30"]
[SourceQuality "1"]
[WhiteTeam "Apaydin Dernegi"]
[BlackTeam "Beyazkale Dernegi"]
[WhiteTeamCountry "TUR"]
[BlackTeamCountry "TUR"]

1. d4 d6 2. Bf4 g6 3. Nc3 Bg7 4. e4 a6 5. Qd2 Nd7 6. 0-0-0 b5 7. e5 Nb6 8. Qe1 b4 9. Ne4 Nd5 10. Bd2 Bb7 11. Nf3 Nh6 12. Nf6+ exf6 13. exf6+ Kf8 14. fxg7+ Kxg7 15. Bc4 Re8 16. Qg1 Nf5 17. Bd3 Nde7 18. h4 h5 19. Bxb4 Qd7 20. Rh3 Nd5 21. Bd2 Nf6 22. c3 Rab8 23. Ng5 Qa4 24. Bb1 Bd5 25. c4 Nxd4 26. Re1 Bxc4 27. Ra3 Rxe1+ 28. Qxe1 Ne2+ 29. Qxe2 Qxa3 30. bxa3 Bxe2 31. Bc3 d5 32. Be5 Rb6 33. Bc2 c5 34. Bb3 Kg8 35. Kd2 Bf1 36. g3 Ne4+ 0-1

[Event "Kesan op"]
[White "Onem, Cem"]
[Black "Olcum, Ahmet"]
[Site "Kesan"]
[Round "4"]
[Result "0-1"]
[Date "2022.08.04"]
[WhiteElo "1715"]
[BlackElo "2267"]
[PlyCount "65"]
[EventDate "2022.08.02"]
[EventType "swiss"]
[EventRounds "9"]
[EventCountry "TUR"]
[SourceTitle "CBM 209 Extra"]
[Source "ChessBase"]
[SourceDate "2022.09.30"]
[SourceVersion "1"]
[SourceVersionDate "2022.09.30"]
[SourceQuality "1"]

1. d4 d6 2. c4 e5 3. Nf3 Nd7 4. e4 Ngf6 5. Nc3 Be7 6. g3 0-0 7. Bg2 c6 8. 0-0 a6 9. a4 a5 10. b3 Re8 11. Ba3 Qb6 12. Rb1 Bf8 13. d5 Nc5 14. Qe2 Nfd7 15. Nd2 Nb8 16. Kh1 g6 17. Rfd1 Nba6 18. Qe3 Bg4 19. f3 Bd7 20. Na2 cxd5 21. cxd5 Nxa4 22. Qe1 N4c5 23. Nc4 Qc7 24. Qxa5 b5 25. Qxc7 Nxc7 26. Bxc5 bxc4 27. Bb6 Rxa2 28. Bxc7 Rc8 29. Bb6 c3 30. Rbc1 Bh6 31. Bf1 c2 32. Re1 Bxc1 33. Rxc1 0-1

[Event "Kesan op"]
[White "Olcum, Ahmet"]
[Black "Dizman, Necdet"]
[Site "Kesan"]
[Round "1"]
[Result "1-0"]
[Date "2022.08.02"]
[WhiteElo "2267"]
[BlackElo "1378"]
[PlyCount "59"]
[EventDate "2022.08.02"]
[EventType "swiss"]
[EventRounds "9"]
[EventCountry "TUR"]
[SourceTitle "CBM 209 Extra"]
[Source "ChessBase"]
[SourceDate "2022.09.30"]
[SourceVersion "1"]
[SourceVersionDate "2022.09.30"]
[SourceQuality "1"]

1. d4 Nf6 2. Bf4 g6 3. Nc3 Bg7 4. e4 d6 5. Qd2 0-0 6. 0-0-0 c6 7. Bh6 Qa5 8. Kb1 Nbd7 9. h4 e5 10. Bxg7 Kxg7 11. h5 Qd8 12. dxe5 Nxe5 13. Be2 b5 14. hxg6 fxg6 15. f4 Nf7 16. Bf3 Bg4 17. Nh3 h6 18. Nf2 Bxf3 19. gxf3 Rh8 20. Rdg1 g5 21. Ne2 Qe7 22. Nd4 Kf8 23. fxg5 hxg5 24. Rxh8+ Nxh8 25. Nf5 Qe5 26. Nd3 Qe6 27. Qxg5 Nf7 28. Qg7+ Ke8 29. Nf4 Qe5 30. Ng6 1-0

[Event "Istanbul Redbull Masters"]
[White "Olcum, Ahmet"]
[Black "Cingoz, Ozan"]
[Site "Istanbul"]
[Round "2.14"]
[Result "0-1"]
[Date "2019.11.24"]
[WhiteElo "2303"]
[BlackElo "2031"]
[PlyCount "88"]
[EventDate "2019.11.23"]
[EventType "k.o."]
[EventRounds "8"]
[EventCountry "TUR"]
[SourceTitle "CBM 193 Extra"]
[Source "ChessBase"]
[SourceDate "2020.01.31"]
[SourceVersion "1"]
[SourceVersionDate "2020.01.31"]
[SourceQuality "1"]

1. e4 c5 2. d3 Nc6 3. g3 g6 4. Bg2 Bg7 5. Nf3 Nf6 6. 0-0 0-0 7. Nc3 d6 8. Nh4 Rb8 9. f4 Bd7 10. h3 b5 11. g4 b4 12. Ne2 a5 13. Ng3 a4 14. Rb1 Nd4 15. g5 Ne8 16. f5 a3 17. b3 Nb5 18. Bd2 Nc3 19. Bxc3 Bxc3 20. Ne2 Be5 21. Nf3 Bg7 22. Ng3 Nc7 23. Nh2 Nb5 24. Qf3 Nd4 25. Qg4 Nxc2 26. Qh4 Bd4+ 27. Kh1 Ne3 28. f6 exf6 29. gxf6 Nxf1 30. Rxf1 Rb6 31. Ng4 Bxg4 32. hxg4 d5 33. g5 c4 34. exd5 cxb3 35. Qxd4 bxa2 36. Qh4 b3 37. Qh6 Rxf6 38. gxf6 Qxf6 39. Rxf6 a1Q+ 40. Rf1 b2 41. Nh5 b1Q 42. Rxb1 Qxb1+ 43. Kh2 Qb2 44. d4 Qxd4 0-1

[Event "TUR-chT"]
[White "Tezcan, Emre"]
[Black "Olcum, Ahmet"]
[Site "Konya"]
[Round "1.1"]
[Result "0-1"]
[Date "2019.07.17"]
[WhiteElo "2082"]
[BlackElo "2271"]
[PlyCount "69"]
[EventDate "2019.07.17"]
[EventType "team-tourn"]
[EventRounds "13"]
[EventCountry "TUR"]
[SourceTitle "CBM 191 Extra"]
[Source "ChessBase"]
[SourceDate "2019.09.30"]
[SourceVersion "1"]
[SourceVersionDate "2019.09.30"]
[SourceQuality "1"]
[WhiteTeam "Ordu Buyuksehir Belediye"]
[BlackTeam "Tatvan Egitimi"]
[WhiteTeamCountry "TUR"]
[BlackTeamCountry "TUR"]

1. e4 d6 2. d4 g6 3. Nf3 Bg7 4. Nc3 a6 5. a4 Nc6 6. d5 Na5 7. Be3 c5 8. dxc6 bxc6 9. Bd4 e5 10. Be3 Be6 11. Ng5 Bc4 12. Bxc4 Nxc4 13. Bc1 h6 14. Nf3 Nf6 15. 0-0 0-0 16. b3 Na5 17. Ba3 Nb7 18. Qd3 Qc7 19. Rad1 Rfd8 20. Qc4 Na5 21. Qe2 d5 22. exd5 Nxd5 23. Ne4 f5 24. Nc5 Re8 25. b4 Nc3 26. Qe3 Nxd1 27. Rxd1 Nc4 28. Qb3 Qf7 29. Bc1 Rad8 30. c3 e4 31. Nd4 e3 32. fxe3 Nxe3 33. Qxf7+ Kxf7 34. Bxe3 Rxe3 35. Rc1 0-1

[Event "Ankara Baskent Univ op 4th"]
[White "Olcum, Ahmet"]
[Black "Ozdemir, Serhan Berat"]
[Site "Ankara"]
[Round "6"]
[Result "1-0"]
[Date "2019.06.20"]
[WhiteElo "2315"]
[BlackElo "1950"]
[PlyCount "115"]
[EventDate "2019.06.17"]
[EventType "swiss"]
[EventRounds "9"]
[EventCountry "TUR"]
[SourceTitle "CBM 191 Extra"]
[Source "ChessBase"]
[SourceDate "2019.09.30"]
[SourceVersion "1"]
[SourceVersionDate "2019.09.30"]
[SourceQuality "1"]

1. e4 c5 2. d3 e6 3. g3 d5 4. Nd2 Nc6 5. Bg2 Be7 6. Ngf3 Nf6 7. 0-0 0-0 8. Re1 Qc7 9. e5 Nd7 10. Qe2 b6 11. Nf1 a5 12. h4 Ba6 13. c3 d4 14. c4 b5 15. b3 a4 16. Bf4 bxc4 17. bxc4 Rab8 18. a3 Rb3 19. h5 Rfb8 20. N1d2 Rb2 21. Qd1 Qa5 22. Ne4 Bb7 23. g4 Nd8 24. g5 Bxe4 25. Rxe4 Nf8 26. Bd2 Qa6 27. Re1 R2b3 28. Bf1 Rb2 29. Bc1 R2b6 30. Nh2 Rb1 31. Rxb1 Rxb1 32. f4 Qa5 33. Bd2 Rxd1 34. Bxa5 Rxe1 35. Bxe1 Nd7 36. Ng4 Nc6 37. Bg2 Nb4 38. Nf2 Nb6 39. Bd2 Nc2 40. Bc1 f6 41. g6 hxg6 42. hxg6 fxe5 43. fxe5 Nd7 44. Ng4 Bh4 45. Bc6 Nb6 46. Kf1 Na1 47. Ke2 Nb3 48. Bf4 Kf8 49. Nh2 Na1 50. Nf3 Be7 51. Kd1 Nb3 52. Bb5 Bd8 53. Kc2 Na5 54. Bd2 Nc8 55. Bxa4 Ne7 56. Ng5 Nb7 57. Nxe6+ Kg8 58. Bg5 1-0

[Event "Ordu op 5th"]
[White "Olcum, Ahmet"]
[Black "Barski, Radoslaw"]
[Site "Ordu"]
[Round "9"]
[Result "0-1"]
[Date "2019.05.05"]
[WhiteElo "2281"]
[BlackElo "2471"]
[PlyCount "96"]
[EventDate "2019.04.29"]
[EventType "swiss"]
[EventRounds "9"]
[EventCountry "TUR"]
[SourceTitle "CBM 190 Extra"]
[Source "ChessBase"]
[SourceDate "2019.07.15"]
[SourceVersion "1"]
[SourceVersionDate "2019.07.15"]
[SourceQuality "1"]

1. d4 d5 2. Bf4 Nf6 3. e3 e6 4. Nd2 c5 5. c3 Nc6 6. Bd3 Bd6 7. Bxd6 Qxd6 8. f4 0-0 9. Ngf3 cxd4 10. cxd4 b6 11. a3 Bb7 12. Ne5 Rac8 13. Qf3 Qe7 14. 0-0 Na5 15. Qh3 b5 16. b4 Nc4 17. Nb3 Ne4 18. Nc5 Ncd6 19. a4 a6 20. g4 f6 21. Nf3 Rc7 22. Ra2 Nc4 23. axb5 axb5 24. g5 f5 25. Rfa1 Nxe3 26. Ra7 Ng4 27. g6 h6 28. Bxe4 dxe4 29. Ng5 Bd5 30. R7a6 Rxc5 31. dxc5 Qf6 32. Rd1 Qb2 33. Qg3 Qxb4 34. Nxe6 Bxe6 35. Qa3 Qxa3 36. Rxa3 Nf6 37. Ra6 Bc4 38. c6 e3 39. c7 e2 40. Rda1 Nd5 41. Rc6 Rc8 42. Kf2 Kf8 43. Ra5 Rxc7 44. Re6 Rc8 45. Re5 Nf6 46. Rxf5 Bd3 47. Rxf6+ gxf6 48. Ra7 Bxg6 0-1

[Event "Ordu op 5th"]
[White "Mgeladze, Tamaz"]
[Black "Olcum, Ahmet"]
[Site "Ordu"]
[Round "3"]
[Result "1-0"]
[Date "2019.04.30"]
[WhiteElo "2396"]
[BlackElo "2281"]
[PlyCount "123"]
[EventDate "2019.04.29"]
[EventType "swiss"]
[EventRounds "9"]
[EventCountry "TUR"]
[SourceTitle "CBM 190 Extra"]
[Source "ChessBase"]
[SourceDate "2019.07.15"]
[SourceVersion "1"]
[SourceVersionDate "2019.07.15"]
[SourceQuality "1"]

1. Nf3 g6 2. g3 Bg7 3. c4 d6 4. Bg2 e5 5. Nc3 Nc6 6. 0-0 f5 7. d3 Nf6 8. Rb1 0-0 9. b4 h6 10. b5 Ne7 11. a4 g5 12. Ba3 Ng6 13. Nd2 Rb8 14. c5 Be6 15. cxd6 cxd6 16. Nc4 d5 17. Bxf8 Bxf8 18. b6 a6 19. Na5 d4 20. Bxb7 Ne7 21. Qc2 dxc3 22. Qxc3 Bd5 23. Qxe5 Bxb7 24. Nxb7 Rxb7 25. Qxf6 Qd7 26. Qa1 Qe6 27. Qb2 Nd5 28. a5 f4 29. Qa2 Kf7 30. Rfc1 fxg3 31. hxg3 Bg7 32. Qc4 Be5 33. e4 Ne7 34. d4 Qxc4 35. Rxc4 Bb8 36. Kg2 h5 37. Kf3 Kg6 38. Rh1 Rd7 39. Ke3 Rd6 40. e5 Rd5 41. Ra1 Kf5 42. f3 h4 43. g4+ Ke6 44. f4 gxf4+ 45. Kxf4 h3 46. Ke4 Rb5 47. Rc3 h2 48. Rh3 Rb2 49. Rh6+ Kd7 50. Rh1 Re2+ 51. Kd3 Rg2 52. R1xh2 Rg3+ 53. Kc4 Rxg4 54. R2h4 Rg1 55. Rh8 Rc1+ 56. Kd3 Nc6 57. R4h7+ Ke6 58. Re8+ Kf5 59. Rf7+ Kg5 60. Rg8+ Kh6 61. Rf6+ Kh7 62. Rxc6 1-0